Statystyki dla Pięć największych miast w każdym województwie

Kliknij tutaj aby rozwiązać quiz!

Ogólne statystyki

  • Ten quiz został rozwiązany 70 razy
  • Średni wynik to 29 z 80

Statystyki odpowiedzi

MiejsceMiasto% Poprawnych
StolicaWarszawa
84%
StolicaGdańsk
78%
2Gdynia
78%
StolicaSzczecin
78%
StolicaKraków
76%
StolicaŁódź
73%
StolicaPoznań
73%
StolicaKatowice
69%
StolicaKielce
69%
StolicaBiałystok
67%
StolicaBydgoszcz
67%
StolicaLublin
67%
2Radom
67%
StolicaWrocław
67%
StolicaZielona Góra
67%
StolicaRzeszów
65%
2Toruń
65%
2Gorzów Wielkopolski
63%
StolicaOlsztyn
61%
3Częstochowa
59%
3Koszalin
57%
StolicaOpole
57%
3Płock
57%
3Tarnów
55%
2Piotrków Trybunalski
53%
5Słupsk
53%
2Jelenia Góra
51%
3Konin
51%
2Elbląg
49%
3Wałbrzych
49%
2Zakopane
49%
3Suwałki
47%
4Ełk
45%
5Nowy Sącz
45%
2Piła
43%
5Stargard
43%
2Świnoujście
43%
5Kalisz
41%
3Włocławek
41%
5Inowrocław
37%
4Grudziądz
35%
2Puławy
35%
3Biała Podlaska
33%
1Dąbrowa Górnicza
33%
4Ostrowiec Świętokrzyski
33%
2Skarżysko-Kamienna
31%
2Augustów
29%
5Rybnik
29%
2Tarnobrzeg
29%
2Kędzierzyn-Koźle
27%
4Sieradz
27%
3Stalowa Wola
27%
4Szczecinek
22%
5Otwock
20%
5Zgierz
20%
5Starachowice
18%
4Jaworzno
16%
3Radomsko
14%
3Iława
12%
5Strzelce Opolskie
12%
4Żagań
8%
5Dęblin
6%
3Kostrzyn nad Odrą
6%
3Krynica Morska
6%
5Siemiatycze
6%
4Nisko
4%
4Krasnystaw
2%
4Otmuchów
2%
3Suchedniów
2%
4Bukowno
0%
4Czarne
0%
4Jastrowie
0%
4Kleszczele
0%
3Kolonowskie
0%
5Ropczyce
0%
5Skwierzyna
0%
4Szczytna
0%
5Szklarska Poręba
0%
5Wielbark
0%
4Zielonka
0%

Rozkład punktacji

Percentyl według liczby udzielonych odpowiedzi

Procent ludzi z każdym wynikiem

Twoja historia wyników

Nie rozwiązałeś tego quizu